All 10k+ Cities in Ireland - Statistics

General Stats
  • This quiz has been taken 268 times
  • The average score is 21 of 54
Answers on the Map
Answers color-coded by a green-red scale on the quiz's map according to % correct below.
 
Answer Stats
Population Answer % Correct
1,263,219 Dublin
99%
222,526 Cork
97%
102,287 Limerick
85%
85,910 Galway
83%
60,079 Waterford
69%
20,608 Sligo
68%
27,184 Kilkenny
66%
21,524 Wexford
63%
44,135 Drogheda
60%
43,112 Dundalk
60%
33,512 Bray
48%
40,776 Swords
47%
10,302 Kildare
45%
27,923 Ennis
44%
14,412 Killarney
44%
22,549 Letterkenny
44%
26,079 Tralee
44%
11,741 Cavan
43%
22,869 Athlone
42%
27,351 Carlow
41%
26,180 Naas
41%
33,886 Navan
40%
12,957 Wicklow
40%
13,054 Castlebar
39%
23,494 Portlaoise
39%
10,556 Ballina
36%
10,952 Longford
36%
14,148 Cobh
32%
15,598 Tullamore
28%
18,369 Clonmel
27%
13,456 Mallow
27%
22,667 Mullingar
27%
13,399 Arklow
26%
17,259 Maynooth
26%
22,009 Greystones
24%
24,366 Newbridge
24%
20,601 Celbridge
23%
18,608 Malahide
23%
10,256 Shannon
22%
24,322 Balbriggan
20%
10,743 Skerries
20%
15,680 Ashbourne
19%
11,035 Athy
19%
10,081 Dungarvan
19%
12,310 Enniscorthy
19%
11,517 Gorey
19%
16,733 Leixlip
19%
13,906 Midleton
19%
10,750 Portmarnock
19%
10,875 Rush
19%
11,277 Tramore
18%
18,239 Carrigaline
16%
15,642 Laytown
16%
10,077 Ratoath
14%
No matching quizzes found
Score Distribution
Percent of People with Each Score
Percentile by Number Answered
Your Score History
You have not taken this quiz